Problems in the history of colonial Africa, 1860-1960 / (Record no. 25395)

MARC details
000 -LEADER
fixed length control field 00785cam a2200253 4500
001 - CONTROL NUMBER
control field 764839
003 - CONTROL NUMBER IDENTIFIER
control field BDDh-ASL
005 - DATE AND TIME OF LATEST TRANSACTION
control field 20231015030502.0
008 - FIXED-LENGTH DATA ELEMENTS--GENERAL INFORMATION
fixed length control field 701013s1970 njub 000 0 eng
010 ## - LIBRARY OF CONGRESS CONTROL NUMBER
LC control number 70113845
020 ## - INTERNATIONAL STANDARD BOOK NUMBER
International Standard Book Number 0137166052
040 ## - CATALOGING SOURCE
Original cataloging agency DLC
Transcribing agency DLC
Modifying agency DLC
-- BDDh-ASL
043 ## - GEOGRAPHIC AREA CODE
Geographic area code f------
050 00 - LIBRARY OF CONGRESS CALL NUMBER
Classification number DT29
Item number .C57
082 00 - DEWEY DECIMAL CLASSIFICATION NUMBER
Classification number 960.2
Item number PRO
100 1# - MAIN ENTRY--PERSONAL NAME
Personal name Collins, Robert O.,
Dates associated with a name 1933-
Relator term comp.
245 10 - TITLE STATEMENT
Title Problems in the history of colonial Africa, 1860-1960 /
Statement of responsibility, etc. Edited by Robert O. Collins.
260 ## - PUBLICATION, DISTRIBUTION, ETC.
Place of publication, distribution, etc. Englewood Cliffs, N.J. :
Name of publisher, distributor, etc. Prentice-Hall,
Date of publication, distribution, etc. [1970]
300 ## - PHYSICAL DESCRIPTION
Extent xiii, 389 p. :
Other physical details map.
Dimensions 23 cm.
650 #0 - SUBJECT ADDED ENTRY--TOPICAL TERM
Topical term or geographic name entry element Colonies
Geographic subdivision Africa
General subdivision History.
651 #0 - SUBJECT ADDED ENTRY--GEOGRAPHIC NAME
Geographic name Africa
General subdivision History
Chronological subdivision 1884-1960.
906 ## - LOCAL DATA ELEMENT F, LDF (RLIN)
a 7
b cbc
c orignew
d 3
e ncip
f 19
g y-gencatlg
942 ## - ADDED ENTRY ELEMENTS (KOHA)
Source of classification or shelving scheme Dewey Decimal Classification
Koha item type Books
Holdings
Withdrawn status Lost status Source of classification or shelving scheme Damaged status Not for loan Collection code Home library Current library Shelving location Date acquired Source of acquisition Total Checkouts Full call number Barcode Date last seen Copy number Price effective from Koha item type
    Dewey Decimal Classification     Non-fiction Asiatic Society Library Asiatic Society Library Sirajul Islam Collection 07/14/2021 Donated by Professor Sirajul Islam, FRHS   960.2 PRO 110159 07/14/2021 C-1 07/14/2021 Books

Powered by Koha